<?xml version="1.0" encoding="UTF-8"?>
<record
    xmlns:xsi="http://www.w3.org/2001/XMLSchema-instance"
    xsi:schemaLocation="http://www.loc.gov/MARC21/slim http://www.loc.gov/standards/marcxml/schema/MARC21slim.xsd"
    xmlns="http://www.loc.gov/MARC21/slim">

  <leader>01214nam a2200265 a 4500</leader>
  <controlfield tag="001">1535</controlfield>
  <controlfield tag="003">BR-CuiBMT</controlfield>
  <controlfield tag="005">20231215203517.0</controlfield>
  <controlfield tag="008">231128s2020    baba          000 0 por d</controlfield>
  <datafield tag="020" ind1=" " ind2=" ">
    <subfield code="a">26756285</subfield>
  </datafield>
  <datafield tag="040" ind1=" " ind2=" ">
    <subfield code="a">BR-CuiBMT</subfield>
    <subfield code="c">BR-CuiBMT</subfield>
  </datafield>
  <datafield tag="080" ind1=" " ind2=" ">
    <subfield code="a">351.94:336.148</subfield>
    <subfield code="x">(813.8)</subfield>
    <subfield code="2">2007</subfield>
  </datafield>
  <datafield tag="090" ind1=" " ind2=" ">
    <subfield code="a">351.94:336.148(813.8)</subfield>
    <subfield code="b">T822r</subfield>
  </datafield>
  <datafield tag="110" ind1="1" ind2=" ">
    <subfield code="a">Bahia.</subfield>
    <subfield code="b">Tribunal de Contas.</subfield>
  </datafield>
  <datafield tag="245" ind1="1" ind2="0">
    <subfield code="a">Relat&#xF3;rio e parecer pr&#xE9;vio do TCE sobre as contas do chefe do Poder Executivo do Estado da Bahia :</subfield>
    <subfield code="b">exerc&#xED;cio de 2019 /</subfield>
    <subfield code="c">Tribunal de Contas do Estado da Bahia ; Inaldo Ara&#xFA;jo (conselheiro relator).</subfield>
  </datafield>
  <datafield tag="260" ind1=" " ind2=" ">
    <subfield code="a">Salvador :</subfield>
    <subfield code="b">TCE-BA,</subfield>
    <subfield code="c">2020.</subfield>
  </datafield>
  <datafield tag="300" ind1=" " ind2=" ">
    <subfield code="a">7 v. :</subfield>
    <subfield code="b">il. color. ;</subfield>
    <subfield code="c">30 cm</subfield>
  </datafield>
  <datafield tag="500" ind1=" " ind2=" ">
    <subfield code="a">Processo n&#xBA; TCE/004140/2020.</subfield>
  </datafield>
  <datafield tag="505" ind1="0" ind2=" ">
    <subfield code="a">v. 1. Apresenta&#xE7;&#xE3;o -- v. 2. Se&#xE7;&#xE3;o Anal&#xED;tica -- v. 3. Parecer do Minist&#xE9;rio P&#xFA;blico de Contas do Estado da Bahia -- v. 4.  Se&#xE7;&#xE3;o conclusiva -- v. 5. Votos em separado e ata da sess&#xE3;o de aprecia&#xE7;&#xE3;o das contas -- v. 6. Parecer pr&#xE9;vio -- v. 7. Refer&#xEA;ncias.</subfield>
  </datafield>
  <datafield tag="610" ind1="1" ind2="4">
    <subfield code="a">Bahia.</subfield>
    <subfield code="b">Tribunal de Contas.</subfield>
  </datafield>
  <datafield tag="650" ind1=" " ind2=" ">
    <subfield code="a">Controle externo</subfield>
    <subfield code="v">Or&#xE7;amento</subfield>
  </datafield>
  <datafield tag="650" ind1=" " ind2=" ">
    <subfield code="a">Presta&#xE7;&#xE3;o de contas</subfield>
  </datafield>
  <datafield tag="700" ind1="1" ind2=" ">
    <subfield code="a">Ara&#xFA;jo, Inaldo da Paix&#xE3;o Santos,</subfield>
    <subfield code="d">1964-</subfield>
  </datafield>
  <datafield tag="942" ind1=" " ind2=" ">
    <subfield code="2">udc</subfield>
    <subfield code="c">LV</subfield>
  </datafield>
  <datafield tag="952" ind1=" " ind2=" ">
    <subfield code="0">0</subfield>
    <subfield code="1">0</subfield>
    <subfield code="2">udc</subfield>
    <subfield code="4">0</subfield>
    <subfield code="7">0</subfield>
    <subfield code="a">BIBTCEMT</subfield>
    <subfield code="b">BIBTCEMT</subfield>
    <subfield code="d">2023-12-14</subfield>
    <subfield code="h">v. 1</subfield>
    <subfield code="l">0</subfield>
    <subfield code="o">351.94:336.148(813.8) T822r</subfield>
    <subfield code="p">BIBTCEMT23120483</subfield>
    <subfield code="r">2023-12-14</subfield>
    <subfield code="t">Ex. 1</subfield>
    <subfield code="w">2023-12-14</subfield>
    <subfield code="y">LV</subfield>
  </datafield>
  <datafield tag="952" ind1=" " ind2=" ">
    <subfield code="0">0</subfield>
    <subfield code="1">0</subfield>
    <subfield code="2">udc</subfield>
    <subfield code="4">0</subfield>
    <subfield code="7">0</subfield>
    <subfield code="a">BIBTCEMT</subfield>
    <subfield code="b">BIBTCEMT</subfield>
    <subfield code="d">2023-12-14</subfield>
    <subfield code="h">v. 2</subfield>
    <subfield code="l">0</subfield>
    <subfield code="o">351.94:336.148(813.8) T822r</subfield>
    <subfield code="p">BIBTCEMT23120484</subfield>
    <subfield code="r">2023-12-14</subfield>
    <subfield code="t">Ex. 1</subfield>
    <subfield code="w">2023-12-14</subfield>
    <subfield code="y">LV</subfield>
  </datafield>
  <datafield tag="952" ind1=" " ind2=" ">
    <subfield code="0">0</subfield>
    <subfield code="1">0</subfield>
    <subfield code="2">udc</subfield>
    <subfield code="4">0</subfield>
    <subfield code="7">0</subfield>
    <subfield code="a">BIBTCEMT</subfield>
    <subfield code="b">BIBTCEMT</subfield>
    <subfield code="d">2023-12-14</subfield>
    <subfield code="h">v. 3</subfield>
    <subfield code="l">0</subfield>
    <subfield code="o">351.94:336.148(813.8) T822r</subfield>
    <subfield code="p">BIBTCEMT23120485</subfield>
    <subfield code="r">2023-12-14</subfield>
    <subfield code="t">Ex. 1</subfield>
    <subfield code="w">2023-12-14</subfield>
    <subfield code="y">LV</subfield>
  </datafield>
  <datafield tag="952" ind1=" " ind2=" ">
    <subfield code="0">0</subfield>
    <subfield code="1">0</subfield>
    <subfield code="2">udc</subfield>
    <subfield code="4">0</subfield>
    <subfield code="7">0</subfield>
    <subfield code="a">BIBTCEMT</subfield>
    <subfield code="b">BIBTCEMT</subfield>
    <subfield code="d">2023-12-14</subfield>
    <subfield code="h">v. 4</subfield>
    <subfield code="l">0</subfield>
    <subfield code="o">351.94:336.148(813.8) T822r</subfield>
    <subfield code="p">BIBTCEMT23120486</subfield>
    <subfield code="r">2023-12-14</subfield>
    <subfield code="t">Ex. 1</subfield>
    <subfield code="w">2023-12-14</subfield>
    <subfield code="y">LV</subfield>
  </datafield>
  <datafield tag="952" ind1=" " ind2=" ">
    <subfield code="0">0</subfield>
    <subfield code="1">0</subfield>
    <subfield code="2">udc</subfield>
    <subfield code="4">0</subfield>
    <subfield code="7">0</subfield>
    <subfield code="a">BIBTCEMT</subfield>
    <subfield code="b">BIBTCEMT</subfield>
    <subfield code="d">2023-12-14</subfield>
    <subfield code="h">v. 5</subfield>
    <subfield code="l">0</subfield>
    <subfield code="o">351.94:336.148(813.8) T822r</subfield>
    <subfield code="p">BIBTCEMT23120487</subfield>
    <subfield code="r">2023-12-14</subfield>
    <subfield code="t">Ex. 1</subfield>
    <subfield code="w">2023-12-14</subfield>
    <subfield code="y">LV</subfield>
  </datafield>
  <datafield tag="952" ind1=" " ind2=" ">
    <subfield code="0">0</subfield>
    <subfield code="1">0</subfield>
    <subfield code="2">udc</subfield>
    <subfield code="4">0</subfield>
    <subfield code="7">0</subfield>
    <subfield code="a">BIBTCEMT</subfield>
    <subfield code="b">BIBTCEMT</subfield>
    <subfield code="d">2023-12-14</subfield>
    <subfield code="h">v. 6</subfield>
    <subfield code="l">0</subfield>
    <subfield code="o">351.94:336.148(813.8) T822r</subfield>
    <subfield code="p">BIBTCEMT23120488</subfield>
    <subfield code="r">2023-12-14</subfield>
    <subfield code="t">Ex. 1</subfield>
    <subfield code="w">2023-12-14</subfield>
    <subfield code="y">LV</subfield>
  </datafield>
  <datafield tag="952" ind1=" " ind2=" ">
    <subfield code="0">0</subfield>
    <subfield code="1">0</subfield>
    <subfield code="2">udc</subfield>
    <subfield code="4">0</subfield>
    <subfield code="7">0</subfield>
    <subfield code="a">BIBTCEMT</subfield>
    <subfield code="b">BIBTCEMT</subfield>
    <subfield code="d">2023-12-14</subfield>
    <subfield code="h">v. 7</subfield>
    <subfield code="l">0</subfield>
    <subfield code="o">351.94:336.148(813.8) T822r</subfield>
    <subfield code="p">BIBTCEMT23120489</subfield>
    <subfield code="r">2023-12-14</subfield>
    <subfield code="t">Ex. 1</subfield>
    <subfield code="w">2023-12-14</subfield>
    <subfield code="y">LV</subfield>
  </datafield>
  <datafield tag="999" ind1=" " ind2=" ">
    <subfield code="c">1535</subfield>
    <subfield code="d">1535</subfield>
  </datafield>
</record>
